[Event "Amber 2001 (Blind)"]
[Site "Monaco"]
[Date "2001.03.17"]
[Round "2"]
[White "Ljubojevic, Ljubomir"]
[Black "Gelfand, Boris"]
[Result "1-0"]
[WhiteElo "2566"]
[BlackElo "2712"]
[EventDate "2001.03.17"]

1. c4 e5 2. Nc3 Nf6 3. g3 c6 4. d4 exd4 5. Qxd4 d5 6. cxd5 cxd5 7. Nf3 Nc6
8. Qa4 d4 9. Nb5 Bb4 10. Bd2 Bxd2 11. Nxd2 O-O 12. Bg2 Re8 13. Nf3 d3
14. e3 Bg4 15. O-O Qd7 16. Nc3 Rad8 17. Rad1 Ne5 18. Qxd7 Nfxd7 19. Nxe5 Nxe5
20. f3 Be6 21. b3 Rc8 22. Nb5 Rc2 23. Rf2 Rec8 24. Nd4 Rxf2 25. Kxf2 Bd7
26. Bf1 Kf8 27. Bxd3 Rc1 28. Be2 Rxd1 29. Bxd1 Nd3 30. Kf1 Ke7 31. a3 a5
32. Ke2 Ne5 33. e4 Kd6 34. Ke3 Kc5 35. Be2 f6 36. f4 Nc6 37. Nxc6 Bxc6
38. Bc4 Kd6 39. Kd4 b6 40. h4 h6 41. Bf7 Bd7 42. b4 axb4 43. axb4 Bg4
44. e5 fxe5 45. fxe5 Ke7 46. Bg8 Bd1 47. Bc4 Bg4 48. Ba6 Bd1 49. Bc8 Bf3
50. Ke3 Bd1 51. Kf4 Bc2 52. g4 Bd1 53. g5 Bc2 54. Bg4 Bb3 55. Be2 Ke6
56. gxh6 gxh6 57. Bg4 Ke7 58. Bh3 Bd5 59. Bf1 Bb3 60. Ke4 Ke6 61. Kd4 Bd1
62. Bh3 Ke7 63. Bf5 Kf7 64. Kd5 Ke7 65. Kc6 1-0

[Event "Amber 2001 (Aktiv)"]
[Site "Monaco"]
[Date "2001.03.18"]
[Round "3"]
[White "Piket, Jeroen"]
[Black "Almasi, Zoltan"]
[Result "0-1"]
[WhiteElo "2632"]
[BlackElo "2640"]
[EventDate "2001.03.18"]

1. d4 Nf6 2. c4 e6 3. Nf3 b6 4. a3 Bb7 5. Nc3 d5 6. cxd5 Nxd5 7. e3 Nxc3
8. bxc3 Be7 9. Bb5 c6 10. Bd3 O-O 11. Qe2 c5 12. O-O Qc7 13. e4 Nd7
14. Re1 Rac8 15. a4 e5 16. d5 c4 17. Bc2 Ba6 18. Rd1 Nc5 19. Be3 Nd3
20. Ne1 Nc5 21. Nf3 Rfd8 22. g3 Qd6 23. h3 Rc7 24. Kh2 Bf6 25. Nd2 Qd7
26. Qf3 Nd3 27. Rab1 Be7 28. Kg2 Bd6 29. h4 Rf8 30. Qe2 Nc5 31. Ra1 Nd3
32. Rab1 Qc8 33. f3 Qd7 34. h5 h6 35. Ra1 Nb2 36. Rdb1 Nd3 37. a5 b5
38. Bxd3 cxd3 39. Qxd3 Qc8 40. c4 bxc4 41. Qc3 f5 42. Bf2 Rcf7 43. Rf1 fxe4
44. Nxe4 Rxf3 45. Qc2 Qf5 46. Rfe1 Bc8 47. Rh1 Rxf2 0-1

[Event "Amber 2001 (Aktiv)"]
[Site "Monaco"]
[Date "2001.03.18"]
[Round "3"]
[White "Topalov, Veselin"]
[Black "Shirov, Alexei"]
[Result "1-0"]
[WhiteElo "2718"]
[BlackElo "2718"]
[EventDate "2001.03.18"]

1. e4 e5 2. Nf3 Nc6 3. Bb5 a6 4. Ba4 Nf6 5. O-O Bc5 6. c3 b5 7. Bc2 d5
8. d4 dxe4 9. dxe5 Qxd1 10. Rxd1 Bxf2 11. Kf1 exf3 12. exf6 Bh4 13. fxg7 fxg2
14. Kxg2 Rg8 15. Bh6 Bg5 16. Re1 Be6 17. Bxg5 Rxg7 18. h4 h6 19. Be4 Kd7
20. Rd1 1-0

[Event "Amber 2001 (Blind)"]
[Site "Monaco"]
[Date "2001.03.18"]
[Round "4"]
[White "Shirov, Alexei"]
[Black "Topalov, Veselin"]
[Result "1/2-1/2"]
[WhiteElo "2718"]
[BlackElo "2718"]
[EventDate "2001.03.18"]

1. e4 c5 2. Nf3 Nc6 3. d4 cxd4 4. Nxd4 g6 5. Nc3 Bg7 6. Be3 Nf6 7. Bc4 O-O
8. Bb3 d6 9. f3 Bd7 10. h4 h5 11. Qe2 Na5 12. O-O-O Rc8 13. g4 Nxb3
14. axb3 hxg4 15. h5 gxf3 16. Nxf3 Rxc3 17. bxc3 Qa5 18. Bd4 e5 19. Bf2 Qa1
20. Kd2 Bh6 21. Kd3 Qa6 22. c4 Nxe4 23. hxg6 Nxf2 24. Qxf2 e4 25. Kxe4 Bg7
26. Qh2 d5 27. Rxd5 Qxg6 28. Ke3 Re8 29. Kd2 Qf6 30. Rxd7 Qc3 31. Kc1 Qa1
32. Kd2 Qc3 33. Kc1 1/2-1/2

[Event "Amber 2001 (Aktiv)"]
[Site "Monaco"]
[Date "2001.03.19"]
[Round "5"]
[White "Van Wely, Loek"]
[Black "Piket, Jeroen"]
[Result "1/2-1/2"]
[WhiteElo "2700"]
[BlackElo "2632"]
[EventDate "2001.03.19"]

1. d4 d5 2. c4 c6 3. Nc3 Nf6 4. Nf3 a6 5. c5 Nbd7 6. Bf4 Nh5 7. e3 b6
8. b4 Nxf4 9. exf4 g6 10. Bd3 Qc7 11. g3 Bg7 12. Rc1 a5 13. a3 axb4
14. axb4 bxc5 15. bxc5 Ra3 16. O-O O-O 17. Nb1 Ra7 18. Re1 Re8 19. h4 Nf8
20. Ne5 f6 21. Nf3 Bg4 22. Nbd2 e5 23. fxe5 fxe5 24. dxe5 Rxe5 25. Qc2 Rxe1
26. Rxe1 Ra3 27. Ng5 Qa5 28. Re8 Qc3 29. Bxg6 Qxc2 30. Bxc2 h6 31. Ngf3 Bxf3
32. Nxf3 Rxf3 33. Ba4 Rc3 34. Bxc6 Rxc5 35. Bb7 Kf7 36. Rd8 Ke6 37. Kg2 d4
38. Be4 Nd7 39. g4 Bf6 40. Bf5 Rxf5 41. gxf5 Ke7 42. Ra8 Bxh4 43. Kf3 Bf6
44. Ke4 h5 45. Ra3 h4 46. Kd5 Nb6 47. Kc5 Nd7 48. Kd5 Nf8 49. f4 Kf7
50. Ra7 Kg8 51. Ke4 Nh7 52. Kf3 Nf8 53. Rb7 Bg7 54. Kg4 d3 55. Rb3 d2
56. Rd3 Bc3 57. Kxh4 Kf7 58. Kg4 Nh7 59. Kf3 Nf6 60. Ke2 1/2-1/2

[Event "Amber 2001 (Blind)"]
[Site "Monaco"]
[Date "2001.03.19"]
[Round "6"]
[White "Ljubojevic, Ljubomir"]
[Black "Ivanchuk, Vassily"]
[Result "1-0"]
[WhiteElo "2566"]
[BlackElo "2717"]
[EventDate "2001.03.19"]

1. d4 Nf6 2. c4 e6 3. Nc3 Bb4 4. Qc2 O-O 5. a3 Bxc3 6. Qxc3 b6 7. Bg5 Bb7
8. e3 d6 9. f3 Nbd7 10. Nh3 h6 11. Bh4 Rc8 12. Bg3 Qe7 13. Be2 c5 14. dxc5 Rxc5
15. Qd2 d5 16. b4 Rcc8 17. O-O Nh5 18. cxd5 Nxg3 19. hxg3 Bxd5 20. Nf4 Bc4
21. Rfc1 b5 22. a4 Bxe2 23. Nxe2 bxa4 24. Rxa4 Rxc1 25. Nxc1 Nb6 26. Ra2 Rd8
27. Qe1 Rd7 28. Nb3 Nd5 29. Nc5 Rc7 30. e4 Nxb4 31. Qxb4 Rxc5 32. Rc2 1-0

[Event "Amber 2001 (Blind)"]
[Site "Monaco"]
[Date "2001.03.19"]
[Round "6"]
[White "Gelfand, Boris"]
[Black "Karpov, Anatoly"]
[Result "1/2-1/2"]
[WhiteElo "2712"]
[BlackElo "2679"]
[EventDate "2001.03.19"]

1. e4 c6 2. d4 d5 3. e5 Bf5 4. Nf3 e6 5. Be2 Ne7 6. O-O h6 7. b3 c5
8. Na3 Nec6 9. Bb2 Be4 10. c4 cxd4 11. Nxd4 Nxd4 12. Qxd4 Nc6 13. Qe3 Qg5
14. Qxg5 hxg5 15. Nb5 O-O-O 16. Rfd1 Bc5 17. cxd5 Rxd5 18. Rxd5 Bxd5
19. Rc1 Bb6 20. Ba3 Kd7 21. Rd1 Nxe5 22. Nc3 f6 23. Bb5 Kc8 24. Nxd5 exd5
25. Rxd5 Kb8 26. h3 Rc8 27. Rd2 Ba5 28. Bd6 Bc7 29. Bxe5 1/2-1/2

[Event "Amber 2001 (Blind)"]
[Site "Monaco"]
[Date "2001.03.19"]
[Round "6"]
[White "Almasi, Zoltan"]
[Black "Shirov, Alexei"]
[Result "1-0"]
[WhiteElo "2640"]
[BlackElo "2718"]
[EventDate "2001.03.19"]

1. e4 c5 2. Nf3 d6 3. d4 cxd4 4. Nxd4 Nf6 5. Nc3 a6 6. Be3 e6 7. f3 b5
8. Qd2 Nbd7 9. g4 Nb6 10. Qf2 Nfd7 11. O-O-O Bb7 12. Bd3 Rc8 13. Nce2 Nc4
14. Bxc4 Rxc4 15. Kb1 Be7 16. h4 O-O 17. g5 d5 18. exd5 Bxd5 19. Nf5 Ne5
20. Nf4 Rxf4 21. Bxf4 Ng6 22. Nxe7 Nxe7 23. b3 Qd7 24. h5 Qc6 25. Rd3 Nf5
26. Be5 b4 27. Bb2 a5 28. h6 g6 29. Rhd1 a4 30. Qe2 Rc8 31. R1d2 Qc5
32. c4 1-0

[Event "Amber 2001 (Blind)"]
[Site "Monaco"]
[Date "2001.03.19"]
[Round "6"]
[White "Piket, Jeroen"]
[Black "Van Wely, Loek"]
[Result "1/2-1/2"]
[WhiteElo "2632"]
[BlackElo "2700"]
[EventDate "2001.03.19"]

1. d4 Nf6 2. c4 g6 3. Nc3 d5 4. Bf4 Bg7 5. e3 c5 6. dxc5 Qa5 7. Rc1 dxc4
8. Bxc4 O-O 9. Ne2 Qxc5 10. Qb3 Nc6 11. Nb5 Qh5 12. Nc7 Na5 13. Bxf7 Rxf7
14. Qa3 Rb8 15. Rc5 Qg4 16. Rg5 Nc4 17. Qxa7 Qd7 18. O-O e5 19. Qxb8 exf4
20. Rc5 Nd2 21. Ne6 Qxe6 22. Qxc8 Qxc8 23. Rxc8 Bf8 24. Rd1 fxe3 25. fxe3 Rd7
26. Nd4 Nde4 27. Rdc1 Kf7 28. R1c7 Bd6 29. Rxd7 Nxd7 30. g3 Nb6 31. Rh8 Nf6
32. g4 h6 33. Rxh6 Nc4 34. g5 Nh5 35. Rh7 Ng7 36. Ne6 Be5 37. Nxg7 Bxg7
38. Rh4 b5 39. a4 Nxe3 40. Rf4 Ke6 41. Re4 Kf5 42. Rb4 bxa4 43. Rxa4 Bxb2
44. h4 Be5 45. Kf2 Nc2 46. Kf3 Nd4 47. Rxd4 Bxd4 48. h5 gxh5 49. g6 Kxg6 1/2-1/2

[Event "Amber 2001 (Aktiv)"]
[Site "Monaco"]
[Date "2001.03.20"]
[Round "7"]
[White "Topalov, Veselin"]
[Black "Piket, Jeroen"]
[Result "0-1"]
[WhiteElo "2718"]
[BlackElo "2632"]
[EventDate "2001.03.20"]

1. e4 e5 2. Nf3 Nf6 3. Nxe5 d6 4. Nf3 Nxe4 5. d4 d5 6. Bd3 Bd6 7. O-O O-O
8. c4 c6 9. Qc2 Na6 10. a3 Re8 11. Nc3 Bg4 12. c5 Bc7 13. Nxe4 dxe4
14. Bxe4 Bxf3 15. Bxf3 Qxd4 16. Be3 Rxe3 17. fxe3 Qxe3 18. Qf2 Qxf2
19. Rxf2 Nxc5 20. Rd1 a5 21. g3 Rd8 22. Rxd8 Bxd8 23. Kf1 a4 24. Rc2 Bb6
25. Bd1 Kf8 26. Rc4 Ba7 27. Rh4 Bb8 28. Rxh7 Be5 29. Rh8 Ke7 30. Ra8 b5
31. Bf3 Kd7 32. Ra7 Kd6 33. Ra8 Kc7 34. Ra7 Kb6 35. Ra8 Nb7 36. Bd1 Bxb2
37. Bxa4 bxa4 38. Rxa4 c5 39. Ke2 Nd6 40. h4 f5 41. Ra8 Be5 42. Kf3 c4 0-1

[Event "Amber 2001 (Aktiv)"]
[Site "Monaco"]
[Date "2001.03.20"]
[Round "7"]
[White "Ljubojevic, Ljubomir"]
[Black "Leko, Peter"]
[Result "1/2-1/2"]
[WhiteElo "2566"]
[BlackElo "2745"]
[EventDate "2001.03.20"]

1. d4 Nf6 2. c4 g6 3. Nf3 Bg7 4. g3 c6 5. Bg2 d5 6. Nbd2 O-O 7. O-O a5
8. b3 Ne4 9. Bb2 a4 10. bxa4 Nc5 11. a5 Rxa5 12. Nb3 Nxb3 13. axb3 Rxa1
14. Qxa1 Na6 15. Rc1 Bf5 16. Nh4 Bg4 17. cxd5 cxd5 18. Bf3 Bxf3 19. Nxf3 Qb6
20. Qa4 Bf6 21. Ne5 Nb8 22. b4 Rd8 23. b5 Nd7 24. e3 h5 25. h4 Qe6 1/2-1/2

[Event "Amber 2001 (Aktiv)"]
[Site "Monaco"]
[Date "2001.03.20"]
[Round "7"]
[White "Ivanchuk, Vassily"]
[Black "Karpov, Anatoly"]
[Result "1/2-1/2"]
[WhiteElo "2717"]
[BlackElo "2679"]
[EventDate "2001.03.20"]

1. e4 c6 2. d4 d5 3. Nc3 dxe4 4. Nxe4 Nd7 5. Ng5 Ngf6 6. Bd3 e6 7. N1f3 Bd6
8. Qe2 h6 9. Ne4 Nxe4 10. Qxe4 Qc7 11. a4 b6 12. Nd2 Nf6 13. Qf3 e5
14. Ne4 Nxe4 15. Bxe4 Bd7 16. dxe5 Bxe5 17. h3 O-O 18. O-O f5 19. Bd3 Be6
20. Re1 Rae8 21. Qh5 c5 22. c3 Qd6 23. Bxh6 Bb3 24. Bf4 Bxf4 25. Rxe8 Qxd3
26. Rae1 Bd6 27. a5 bxa5 28. Qg6 a4 29. g4 Bf7 30. Qxf5 Qxf5 31. Rxf8 Kxf8
32. gxf5 Bb3 33. Kg2 Bf4 34. Kf3 Bd2 35. Ra1 Kf7 36. Ke4 Bg5 37. Ke5 Ke7
38. Ke4 Bf6 39. Re1 Kd6 40. Kd3 Bd5 41. Ra1 Bb3 42. Re1 a5 43. Re8 Ba2
44. Ra8 Bb1 45. Kc4 Ba2 46. Kd3 c4 47. Kd2 Bg5 48. Kc2 Bb3 49. Kb1 a3
50. Rxa5 a2 51. Ka1 Bf6 52. f4 Kc6 53. h4 Bxh4 54. Ra7 Bf6 55. Ra6 Kd5
56. Rxf6 1/2-1/2

[Event "Amber 2001 (Blind)"]
[Site "Monaco"]
[Date "2001.03.20"]
[Round "8"]
[White "Van Wely, Loek"]
[Black "Almasi, Zoltan"]
[Result "1/2-1/2"]
[WhiteElo "2700"]
[BlackElo "2640"]
[EventDate "2001.03.20"]

1. Nf3 Nf6 2. c4 e6 3. Nc3 Bb4 4. Qc2 O-O 5. a3 Bxc3 6. Qxc3 d6 7. b4 a5
8. Bb2 axb4 9. axb4 Rxa1 10. Bxa1 e5 11. g3 b6 12. Bg2 Nc6 13. O-O Bg4
14. b5 Nb8 15. h3 Bh5 16. d3 Nbd7 17. Bb2 Nc5 18. Ra1 Qd7 19. g4 Bg6
20. Nh4 Qe7 21. Ra7 Ne8 22. Nxg6 fxg6 23. d4 exd4 24. Bd5 Kh8 25. Qxd4 Qxe2
26. Rxc7 Qe1 27. Kg2 Rxf2 28. Qxf2 Qxf2 29. Kxf2 Nxc7 30. Bd4 Nxd5
31. cxd5 Kg8 32. g5 Kf7 33. Ke3 h6 34. h4 h5 35. Kf3 Kf8 36. Ke3 Kf7 1/2-1/2

[Event "Amber 2001 (Blind)"]
[Site "Monaco"]
[Date "2001.03.20"]
[Round "8"]
[White "Piket, Jeroen"]
[Black "Topalov, Veselin"]
[Result "1/2-1/2"]
[WhiteElo "2632"]
[BlackElo "2718"]
[EventDate "2001.03.20"]

1. d4 Nf6 2. c4 e6 3. Nf3 d5 4. Nc3 Be7 5. Bg5 h6 6. Bh4 O-O 7. e3 b6
8. Qb3 Bb7 9. Bxf6 Bxf6 10. cxd5 exd5 11. Rd1 Re8 12. a3 c6 13. Bd3 Nd7
14. O-O g6 15. Rfe1 Nf8 16. Bb1 Bg7 17. Ba2 Ne6 18. h3 Qd6 19. e4 Rad8
20. exd5 cxd5 21. Re3 a6 22. Rde1 b5 23. Bb1 Re7 24. Qd1 Rde8 25. Ba2 h5
26. g3 h4 27. gxh4 Nf4 28. Rxe7 Rxe7 29. Rxe7 Qxe7 30. Qd2 Bh6 31. Kf1 Bc8
32. Nxd5 Bxh3 33. Kg1 Qe6 34. Ne5 Bf5 35. Kh2 Kg7 36. Nxf4 Qxa2 37. Nf3 f6
38. Kg3 Qf7 39. d5 1/2-1/2

[Event "Amber 2001 (Aktiv)"]
[Site "Monaco"]
[Date "2001.03.22"]
[Round "9"]
[White "Piket, Jeroen"]
[Black "Shirov, Alexei"]
[Result "1-0"]
[WhiteElo "2632"]
[BlackElo "2718"]
[EventDate "2001.03.22"]

1. d4 d5 2. c4 dxc4 3. Nf3 Nf6 4. e3 e6 5. Bxc4 c5 6. O-O a6 7. dxc5 Bxc5
8. Qxd8 Kxd8 9. Nbd2 Nc6 10. Be2 Ke7 11. a3 a5 12. b3 b6 13. Bb2 Rd8
14. Rfd1 Bb7 15. Ne1 Rd7 16. Nd3 Rad8 17. Nxc5 bxc5 18. Nc4 Ba6 19. Rxd7 Rxd7
20. Ne5 Nxe5 21. Bxa6 Nd3 22. Bc3 Ne4 23. Bxa5 Ndxf2 24. Bb5 Rb7 25. a4 f5
26. h3 Ra7 27. Bb6 Rb7 28. a5 Kd6 29. Rf1 Nc3 30. Ba6 Rxb6 31. axb6 Nfe4
32. Bc4 Kc6 33. Bxe6 g6 34. Bg8 Nf6 35. Bc4 Nfe4 36. Ra1 Kxb6 37. Ra6 Kb7
38. Re6 Nd1 39. Bd5 1-0

[Event "Amber 2001 (Blind)"]
[Site "Monaco"]
[Date "2001.03.22"]
[Round "10"]
[White "Ljubojevic, Ljubomir"]
[Black "Karpov, Anatoly"]
[Result "1/2-1/2"]
[WhiteElo "2566"]
[BlackElo "2679"]
[EventDate "2001.03.22"]

1. c4 Nf6 2. Nf3 e6 3. g3 d5 4. Bg2 Be7 5. O-O O-O 6. b3 c5 7. Bb2 Nc6
8. cxd5 Nxd5 9. Nc3 Bf6 10. Qc2 Nxc3 11. Bxc3 e5 12. Rac1 Be6 13. e3 Rc8
14. Qb1 Qd6 15. Rfd1 Rfd8 16. a3 a5 17. d3 Bd5 18. Ba1 b5 19. Ne1 Bxg2
20. Kxg2 Qd5 21. Kg1 Be7 22. Qc2 Rb8 23. Rb1 f6 24. Bc3 Rb7 25. Qe2 Bf8
26. Ng2 Qe6 27. Ne1 Qd5 28. Qc2 Rbd7 29. Qe2 1/2-1/2

[Event "Amber 2001 (Blind)"]
[Site "Monaco"]
[Date "2001.03.22"]
[Round "10"]
[White "Gelfand, Boris"]
[Black "Leko, Peter"]
[Result "1/2-1/2"]
[WhiteElo "2712"]
[BlackElo "2745"]
[EventDate "2001.03.22"]

1. d4 Nf6 2. c4 g6 3. Nf3 Bg7 4. g3 c6 5. Bg2 d5 6. cxd5 cxd5 7. O-O O-O
8. Nc3 e6 9. Ne5 Nfd7 10. f4 Nc6 11. Kh1 f6 12. Nf3 f5 13. b3 Nf6 14. Ba3 Re8
15. Ne5 Bd7 16. Rc1 Rc8 17. Na4 Ne4 18. Nxd7 Qxd7 19. e3 Qf7 20. Qe2 Bf8
21. Bxf8 Qxf8 22. Bxe4 dxe4 23. Nc5 b6 24. Nd7 Qe7 25. Ne5 Nxe5 26. fxe5 Rc7
27. Rc4 Rec8 1/2-1/2

[Event "Amber 2001 (Blind)"]
[Site "Monaco"]
[Date "2001.03.22"]
[Round "10"]
[White "Shirov, Alexei"]
[Black "Piket, Jeroen"]
[Result "1-0"]
[WhiteElo "2718"]
[BlackElo "2632"]
[EventDate "2001.03.22"]

1. e4 e5 2. Nf3 Nc6 3. Bb5 a6 4. Ba4 Nf6 5. O-O Be7 6. Re1 b5 7. Bb3 d6
8. c3 O-O 9. h3 Na5 10. Bc2 c5 11. d4 Bb7 12. d5 Nc4 13. b3 Nb6 14. a4 Bc8
15. Qe2 Bd7 16. c4 b4 17. Nbd2 Nh5 18. Nf1 Bf6 19. g4 Nf4 20. Bxf4 exf4
21. e5 dxe5 22. Qe4 g6 23. Nxe5 Bxe5 24. Qxe5 f5 25. a5 Nc8 26. d6 Bc6
27. Rad1 Re8 28. Qxf4 Rxe1 29. Rxe1 Qxd6 30. Qg5 Ra7 31. gxf5 h6 32. Qg4 Qd4
33. Re6 Qxg4 34. hxg4 Bf3 35. Re8 1-0

[Event "Amber 2001 (Blind)"]
[Site "Monaco"]
[Date "2001.03.22"]
[Round "10"]
[White "Topalov, Veselin"]
[Black "Van Wely, Loek"]
[Result "1-0"]
[WhiteElo "2718"]
[BlackElo "2700"]
[EventDate "2001.03.22"]

1. e4 e6 2. d4 d5 3. Nc3 dxe4 4. Nxe4 Nd7 5. Nf3 Ngf6 6. Bg5 Be7 7. Nxf6 Bxf6
8. h4 c5 9. Qd2 cxd4 10. Nxd4 O-O 11. O-O-O h6 12. Bxf6 Nxf6 13. Be2 e5
14. Nb5 Qb6 15. Qe3 Qxe3 16. fxe3 Ng4 17. Bxg4 Bxg4 18. Rd5 a6 19. Nd6 Rfd8
20. c4 b6 21. b3 Rd7 22. Ne4 Rxd5 23. cxd5 f5 24. Nf2 Bh5 25. e4 fxe4
26. Nxe4 Rd8 27. Nc3 Kf7 28. Re1 Kf6 29. Ne4 Kf5 30. Ng3 Kg4 31. Nxh5 Kxh5
32. Rxe5 Kxh4 33. Kd2 Kg3 34. Ke3 Kxg2 35. Kf4 Kf2 36. Rh5 g5 37. Ke5 g4
38. Rxh6 Rf8 39. d6 g3 40. d7 g2 41. Rg6 g1=Q 42. Rxg1 Kxg1 43. Ke6 Rh8
44. Ke7 Rh7 45. Kd6 Rh8 46. Kc7 Kf2 47. d8=Q Rxd8 48. Kxd8 Ke3 49. Kc7 b5
50. Kb6 Kd4 51. Kxa6 Kc5 52. Ka5 1-0

[Event "Amber 2001 (Aktiv)"]
[Site "Monaco"]
[Date "2001.03.23"]
[Round "11"]
[White "Shirov, Alexei"]
[Black "Ivanchuk, Vassily"]
[Result "1/2-1/2"]
[WhiteElo "2718"]
[BlackElo "2717"]
[EventDate "2001.03.23"]

1. e4 c6 2. d4 d5 3. e5 Bf5 4. Nc3 e6 5. g4 Bg6 6. Nge2 Ne7 7. Nf4 Nd7
8. h4 h6 9. Nxg6 Nxg6 10. h5 Ne7 11. Ne2 c5 12. c3 Nc6 13. Bg2 Rc8
14. O-O Qh4 15. Nf4 Be7 16. Be3 O-O 17. f3 Bd8 18. Qe2 Bb6 19. Rfd1 Rc7
20. Qf2 Qxf2 21. Bxf2 Rfc8 22. Bf1 a6 23. Kg2 cxd4 24. cxd4 Na5 25. Bd3 Nb8
26. Ne2 Nbc6 27. Be1 Nc4 28. Bxc4 dxc4 29. Rac1 Ne7 30. f4 Ba7 31. Kf3 Nd5
32. f5 b5 33. Nf4 Rd7 34. Nxd5 Rxd5 35. Ke4 Rcd8 36. Bf2 Bb8 37. Rf1 Ba7
38. Rfd1 Bb8 39. Rg1 Ba7 1/2-1/2

[Event "Amber 2001 (Aktiv)"]
[Site "Monaco"]
[Date "2001.03.23"]
[Round "11"]
[White "Kramnik, Vladimir"]
[Black "Karpov, Anatoly"]
[Result "1/2-1/2"]
[WhiteElo "2772"]
[BlackElo "2679"]
[EventDate "2001.03.23"]

1. d4 Nf6 2. c4 e6 3. Nf3 b6 4. g3 Ba6 5. b3 Bb4 6. Bd2 Be7 7. Bg2 c6
8. O-O d5 9. Qc2 Nbd7 10. Rd1 O-O 11. a4 c5 12. Nc3 Bb7 13. cxd5 Nxd5
14. Nxd5 exd5 15. Bc3 Re8 16. a5 Rc8 17. Qb2 Bf8 18. axb6 axb6 19. Ra7 Bc6
20. Nh4 cxd4 21. Bxd4 Nc5 22. Nf3 Ra8 23. Ne5 Bb7 24. Rxb7 Nxb7 25. Bc3 Ba3
26. Qd2 Qc7 27. Bxd5 Rxe5 28. Bxe5 Qxe5 29. Bxb7 Re8 30. Bc6 Re6 31. b4 g6
32. Bd5 Re7 33. e4 Qb2 34. Qxb2 Bxb2 35. Bc6 Ba3 36. b5 Bc5 37. Kg2 f5
38. exf5 Re2 39. fxg6 Rxf2 40. Kh3 hxg6 41. Rd7 Kf8 42. Be4 Rf7 43. Rd8 Kg7
44. Kg4 Rf6 45. Rc8 Rd6 46. h4 Re6 47. Bd5 Rd6 48. Rc7 Kf6 49. Rf7 Ke5
50. Bf3 Be3 51. Re7 Re6 52. Rd7 Bc5 53. Rc7 Rd6 54. Rc6 Rd4 55. Kg5 Rd3
56. Kg4 Rd4 57. Kh3 Rd3 58. Be2 Rd6 59. Kg4 Rd2 60. Kf3 Rd6 61. g4 Rf6
62. Kg3 Bf2 63. Kh3 Rd6 64. g5 Rd4 65. Rxg6 Rxh4 66. Kg2 Bd4 67. Rc6 Re4
68. Bf3 Re1 69. g6 Rg1 70. Kh2 Rg5 71. Kh3 Kf4 72. Be2 Rg3 73. Kh2 Bg1
74. Kh1 Bd4 75. Kh2 Bg1 76. Kh1 Bd4 77. Re6 Rh3 78. Kg2 Rg3 79. Kh2 Re3
80. Rxe3 Kxe3 1/2-1/2

[Event "Amber 2001 (Aktiv)"]
[Site "Monaco"]
[Date "2001.03.23"]
[Round "11"]
[White "Van Wely, Loek"]
[Black "Leko, Peter"]
[Result "1/2-1/2"]
[WhiteElo "2700"]
[BlackElo "2745"]
[EventDate "2001.03.23"]

1. d4 Nf6 2. c4 g6 3. Nc3 d5 4. cxd5 Nxd5 5. e4 Nxc3 6. bxc3 Bg7 7. Bc4 c5
8. Ne2 Nc6 9. Be3 O-O 10. O-O Bg4 11. f3 Na5 12. Bxf7 Rxf7 13. fxg4 Rxf1
14. Kxf1 cxd4 15. cxd4 e5 16. Kg1 Rc8 17. d5 Nc4 18. Bf2 Qd7 19. Rc1 b5
20. g5 a5 21. Ng3 Nd6 22. h4 Bf8 23. Rc2 a4 24. Be1 Rxc2 25. Qxc2 Qg4
26. Bf2 Qxh4 27. Bc5 Qxg5 28. Bxd6 Bxd6 29. Qc8 Kg7 30. Qd7 Qe7 31. Qxb5 h5
32. Kf1 a3 33. Ke2 Kh6 34. Qc6 Qf8 35. Nf1 Bc5 36. Ne3 Bxe3 37. Kxe3 Qf4
38. Kd3 Qf1 39. Ke3 Qf4 40. Kd3 Qf1 41. Ke3 Qxg2 42. Qf6 Qg1 43. Ke2 Qa1
44. Ke3 Qd4 45. Kf3 Qd3 46. Kf2 Qd2 47. Kf3 Qd3 48. Kf2 Qd2 49. Kf3 Qd1
50. Kf2 Qc2 51. Kf3 Qd1 52. Kf2 Qd2 1/2-1/2

[Event "Amber 2001 (Aktiv)"]
[Site "Monaco"]
[Date "2001.03.23"]
[Round "11"]
[White "Almasi, Zoltan"]
[Black "Ljubojevic, Ljubomir"]
[Result "0-1"]
[WhiteElo "2640"]
[BlackElo "2566"]
[EventDate "2001.03.23"]

1. e4 c5 2. Nf3 e6 3. d4 cxd4 4. Nxd4 Nc6 5. Nb5 d6 6. Bf4 e5 7. Be3 Nf6
8. Bg5 Be6 9. Bxf6 gxf6 10. Nd2 Rc8 11. Bc4 Bxc4 12. Nxc4 Nd4 13. Nxd4 Rxc4
14. Ne2 Rxe4 15. O-O Rg8 16. Qd5 Rb4 17. b3 Qd7 18. c4 Rb6 19. f4 Rc6
20. Rad1 Bh6 21. fxe5 fxe5 22. Ng3 Rg6 23. Rd3 Bf4 24. Nh5 Rc5 25. Qf3 Bg5
26. Ng3 Bf4 27. Ne4 Rc6 28. c5 Kf8 29. Nxd6 a5 30. g3 Qh3 31. Ne4 f5
32. Nf2 Qh6 33. Rd8 Ke7 34. Qd5 Kf6 35. Rd7 Qf8 36. Rd1 Be3 37. Rxb7 Bxf2
38. Kxf2 Qxc5 39. Qxc5 Rxc5 40. Rxh7 Rc2 41. Ke3 Ke6 42. Rhd7 Rc6
43. Ra7 Rg4 44. Rd2 Re4 45. Kf2 a4 46. bxa4 Rd4 47. Rb2 Rdc4 48. h4 Rc2
49. Rxc2 Rxc2 50. Kf1 Rxa2 51. Ra6 Kd5 52. h5 Ke4 53. h6 Kf3 54. Kg1 Rg2
55. Kh1 Rxg3 56. Re6 e4 57. Kh2 Rg5 58. Rb6 e3 59. a5 Kf2 60. Rb2 e2 0-1

[Event "Amber 2001 (Blind)"]
[Site "Monaco"]
[Date "2001.03.23"]
[Round "12"]
[White "Ivanchuk, Vassily"]
[Black "Shirov, Alexei"]
[Result "1/2-1/2"]
[WhiteElo "2717"]
[BlackElo "2718"]
[EventDate "2001.03.23"]

1. e4 c5 2. Nf3 d6 3. d4 cxd4 4. Nxd4 Nf6 5. Nc3 a6 6. Be2 e5 7. Nb3 Be7
8. O-O O-O 9. Kh1 b6 10. f3 Bb7 11. a4 Nc6 12. Bg5 Nb4 13. Nb1 Qc7
14. c3 Nc6 15. c4 Nb4 16. Nc3 Nfd5 17. Bxe7 Nxe7 18. Qd2 f5 19. a5 bxa5
20. Nxa5 Rad8 21. Nd5 Nbxd5 22. cxd5 fxe4 23. fxe4 Bc8 24. Rac1 Rxf1
25. Bxf1 Rf8 26. h3 Qb6 27. Nc4 Qb8 28. Kh2 Bd7 29. Bd3 1/2-1/2

[Event "Amber 2001 (Blind)"]
[Site "Monaco"]
[Date "2001.03.23"]
[Round "12"]
[White "Karpov, Anatoly"]
[Black "Kramnik, Vladimir"]
[Result "1/2-1/2"]
[WhiteElo "2679"]
[BlackElo "2772"]
[EventDate "2001.03.23"]

1. d4 Nf6 2. c4 e6 3. Nf3 d5 4. g3 Bb4 5. Bd2 Be7 6. Bg2 O-O 7. Qc2 c6
8. O-O Nbd7 9. Bf4 b6 10. cxd5 cxd5 11. Rc1 Bb7 12. Nbd2 Rc8 13. Qd1 h6
14. Rxc8 Qxc8 15. Rc1 Qa8 16. Ne5 Rc8 17. Nxd7 Nxd7 18. Nf3 a5 19. Ne5 Nxe5
20. Bxe5 Ba6 21. Rc2 a4 22. Bf1 b5 23. Qc1 Rc4 24. b3 axb3 25. axb3 Ba3
26. Qd2 Bb4 27. Qc1 Ba3 28. Qd2 Bb4 1/2-1/2

[Event "Amber 2001 (Blind)"]
[Site "Monaco"]
[Date "2001.03.23"]
[Round "12"]
[White "Anand, Viswanathan"]
[Black "Piket, Jeroen"]
[Result "1-0"]
[WhiteElo "2790"]
[BlackElo "2632"]
[EventDate "2001.03.23"]

1. e4 e5 2. Nf3 Nf6 3. Nxe5 d6 4. Nf3 Nxe4 5. d4 d5 6. Bd3 Bd6 7. O-O O-O
8. c4 c6 9. Qc2 Na6 10. a3 Re8 11. Nc3 Bg4 12. Nxe4 dxe4 13. Bxe4 Bxf3
14. Bxf3 Qh4 15. g3 Qxd4 16. Be3 Qf6 17. Be4 h6 18. b4 Nc7 19. Rad1 Be5
20. Rd7 Re7 21. Rfd1 Rae8 22. Rxe7 Qxe7 23. Bxa7 Ne6 24. Be3 h5 25. Rd3 Bf6
26. Qd1 g6 27. Rd7 Rd8 28. Rxd8 Nxd8 29. Bg2 Qe5 30. Bh3 Kg7 31. a4 h4
32. b5 cxb5 33. cxb5 Ne6 34. Bg2 Qc7 35. b6 Qc4 36. Bd5 Qc8 37. a5 Ng5
38. Bg2 h3 39. Bh1 Ne6 40. Bf3 Qc3 41. Bxb7 Qxa5 42. Bc8 Ng5 43. Bb7 Qb4
44. Bd5 Ne4 45. Qf1 Nd2 46. Qd3 Nb1 47. b7 Nc3 48. Bf3 Be5 49. Bd2 Qb2
50. Bxc3 Qc1 51. Bd1 1-0

[Event "Amber 2001 (Blind)"]
[Site "Monaco"]
[Date "2001.03.23"]
[Round "12"]
[White "Ljubojevic, Ljubomir"]
[Black "Almasi, Zoltan"]
[Result "0-1"]
[WhiteElo "2566"]
[BlackElo "2640"]
[EventDate "2001.03.23"]

1. Nf3 Nf6 2. c4 c5 3. g3 d5 4. cxd5 Nxd5 5. Bg2 Nc6 6. Nc3 Nc7 7. O-O e5
8. d3 Be7 9. Nd2 Bd7 10. Nc4 f6 11. f4 b5 12. Ne3 Rc8 13. Ned5 Nxd5
14. Nxd5 O-O 15. Be3 Be6 16. Nxe7 Qxe7 17. Qd2 exf4 18. gxf4 Rfe8
19. Bf2 Bg4 20. e4 Red8 21. Rac1 Nd4 22. Rfe1 c4 23. Qe3 Ne2 24. Rxe2 Rxd3
25. e5 Rxe3 26. Rxe3 Rd8 27. Rce1 h6 28. Be4 fxe5 29. fxe5 Be6 30. a3 Rd2
31. R3e2 Rxe2 32. Rxe2 a5 33. Be1 b4 34. axb4 axb4 35. Re3 Qg5 36. Kf2 Qf4
37. Bf3 Qxh2 38. Bg2 Bd5 39. Rg3 Bxg2 40. Rxg2 Qxe5 0-1